000 02109cam a2200493 4500
003 PE-LiUPU
005 20250731165514.0
008 250407b |||||||| |||| 00| 0 spa d
020 _a8483220024
035 _a(Sirsi) i9788483220023
035 _a(Sirsi) 25605
035 _a(Sirsi) 25605
040 _bspa
_cPE-LiUPU
_dPE-LiUPU
_erda
041 _aes
044 _aes
082 0 4 _a005.74
_bH249d
_223
100 1 _aHansen, Gary W.
_eautor.
245 _aDiseño y administración de bases de datos /
_cGary W. Hansen. y James V. Hansen.
250 _aSegunda edición.
264 1 _aMadrid, España :
_bPrentice Hall,
_c1997
300 _a569 páginas :
_bilustraciones ;
_c25 cm.
504 _aIncluye bibliografía
505 0 _aLas bases de datos y sus contextos: Los sistemas de BD y la evolución de la tecnología de BD. Servicios de celebraciones: un ejemplo de utilización de BD. Sistemas de BD en las organizaciones -- Diseño de bases de datos: Principios del diseño conceptual de BD. El modelo de datos relacional. -- Implementación de base de datos relacionales: El álgebra y el cálculo relacional. Implementación realacional con SQL. Implementación realcional con lenguajes de consulta gráficos. Sistemas de BD cliente/servidor. Organización física de los sistemas de BD -- Administración del entorno de bases de datos: La administración y el control de la BD. Sistemas de BD distribuídas. Selección e implementación.. -- Temas avanzados -- El legado de los sistemas de bases de datos.
526 _aSEG44
526 _aSEG26
526 _aP151
526 _aP150
526 _aP149
526 _aP146
526 _aP145
526 _aP126
526 _aP125
526 _aP92
526 _aP75
526 _aP74
526 _aP27
526 _aP15
650 1 7 _aSistemas de gestión de bases de datos.
_2embne
_95139
700 1 _aHansen, James V.
_eautor.
910 _ahf-aj
942 _2ddc
_cBK
949 _i49164
_lCCODEBUL1
_mBUL
_tLIBRO
_o.STAFF. Colección General
980 _81
_gALBERTO SANCHEZ Responsable de Automatización
999 _c28309
_d28309